Statistics for Capitals with Eight Letters

Click here to take the quiz!

General Stats

  • This quiz has been taken 701 times
    (691 since last reset)
  • The average score is 26 of 37

Answer Stats

Capital% Correct
Helsinki
86%
Canberra
84%
Brasilia
83%
Budapest
82%
Tashkent
82%
Brussels
80%
Khartoum
79%
Ashgabat
78%
Dushanbe
77%
Kingston
77%
Santiago
77%
Asunción
76%
Belmopan
76%
Chișinău
76%
Freetown
76%
Belgrade
75%
Windhoek
75%
Pretoria
73%
Kinshasa
72%
Pristina
71%
Sarajevo
70%
Damascus
69%
Funafuti
69%
Abu Dhabi
68%
Gaborone
68%
Victoria
68%
Cape Town
66%
Djibouti
66%
New Delhi
65%
Castries
64%
Port Vila
64%
Lilongwe
62%
Valletta
62%
Monrovia
61%
N'Djamena
56%
R{amallah}
39%
T{orshavn}
32%

Score Distribution

Percentile by Number Answered

Percent of People with Each Score

Your Score History

You have not taken this quiz since the last reset